01448cam a2200349 i 450000100090000000300040000900500170001300800410003001000170007102000180008804000280010604200080013405000210014208200150016310000380017824500510021625000250026726400310029230000460032333600260036933700280039533800270042350000530045050400530050365000150055690600450057194200360061695201430065295201430079595201430093899900170108119967043OSt20250610121420.0170828s2019 njua b 001 0 eng  a 2017039621 a9789353066383 aDLCbengcDLCerdadDLC apcc00aHM586b.M33 201900a301bMAC/S1 aMacionis, John J.eauthor.91056810aSociology /cJohn J. Macionis, Kenyon College. aSeventeenth Edition. 1aNY, NY :bPearson,c[2019] axxx, 856 pages :b illustrations ;c28 cm atextbtxt2rdacontent aunmediatedbn2rdamedia avolumebnc2rdacarrier aRevised edition of the author's Sociology, 2016. aIncludes bibliographical references and indexes. 0aSociology. a7bcbccorignewd1eecipf20gy-gencatlg 2ddccBKh301iMAC/Sk301mMAC/S 00102ddc40708SOCIAL SCIENCEaMESbMEScSOCIAL SCIENCEd2025-06-10l0o301 MAC/Sp45926r2025-06-10 12:13:52t1w2025-06-10yBKzGL50R1 00102ddc40708SOCIAL SCIENCEaMESbMEScSOCIAL SCIENCEd2025-06-10l0o301 MAC/Sp45927r2025-06-10 12:13:52t2w2025-06-10yBKzGL50R1 00102ddc40708SOCIAL SCIENCEaMESbMEScSOCIAL SCIENCEd2025-06-10l0o301 MAC/Sp46037r2025-06-10 12:13:52t3w2025-06-10yBKzGL50R1 c44531d44531